00543nam a2200181 i 450000100060000000300090000600500170001500700030003200800410003510000390007624500680011526000420018330000220022563000340024765000380028185200210031985200210034086542ES-MaACL20230906175454.0t|041213s1920 xxk ||||1| eng d1 aKeynes, John Maynard (d1883-1946)14aThe economic consequences of the peace / cJohn Maynard Keynes. aLondon : bMacmillan and Cº, c1920. a279 p. ; c22 cm.04aTratado de Versalles (d1919)04aHistoria económica-y1918-1945. aES-MaACLjF-2137 aES-MaACLjF-4663